000 00229nam a2200097Ia 4500
008 240331s9999 xx 000 0 und d
082 _bARU
100 _aArunasalam, K
245 0 _aIlankaiyil tamiliyal aaivu muyatchikal
942 _cL
999 _c3840
_d3840